000 00252nam a22001097a 4500
082 _a954
100 _aStudy IQ
_981970
245 _aMordern Indian History
260 _aDelhi
_bStudy IQ Publication
_c2023
650 _aIndian History
_9227
942 _cBK
999 _c66238
_d66238